000 01327nam a22003497a 4500
003 CHAP
005 20220329141510.0
008 971013s1987 r 00010 d
010 _a69118
011 _a70090
035 _a79570
040 _cCHAP
082 _a631.521
_bF42
100 0 0 _aFacio Parra, Federico.
_939295
245 _aApuntes de tecnología de semillas
260 _aSaltillo, Coah. :
_bUniversidad Autónoma Agraria Antonio Narro,
_c[1987]
300 _a87 p.
_b: ilus.
500 _a33-20
590 _aBATCH-UPD
_b10
_c20130110
_lUCH01
_h0712
590 _aBATCH-UPD
_b10
_c20130410
_lUCH01
_h0358
590 _aBATCH-UPD
_b10
_c20130914
_lUCH01
_h1340
590 _aCONVERSION
_b10
_c20130109
_lUCH01
_h1338
650 1 4 _aSemillas
_xIndustria.
_9103905
650 1 4 _aSemillas
_xSelección.
_9103931
710 0 _aUniversidad Autónoma Agraria Antonio Narro. Saltillo, Coah.
_9116288
901 _aBK
942 _cLIBRO
949 _a631.521 F42
_bBC
_cLIBRO
_d33724000087169
_eLIBRO
_fc.2
_gI. c/e
_h76079
_i79570
_si
_t10.00
949 _a631.521 F42
_bBC
_cLIBRO
_d33724000919650
_eLIBRO
_fc.4
_gI.c/e
_h80262
_i79570
_si
_t10.00
949 _a631.521 F42
_bBC
_cLIBRO
_d33724000936142
_eLIBRO
_gI. c/e
_h76078
_i79570
_si
_t10.00
949 _a631.521 F42
_bBC
_cLIBRO
_d33724002206264
_eLIBRO
_fc.3
_gI.c/e
_h80261
_i79570
_si
_t10.00
999 _c69118
_d69118